01996nam a22003137a 4500003000900000008004100009040007100050082002400121110003600145245008800181260005300269300003300322440012400355505089700479650001201376650002401388650001501412650002401427650002101451700001801472700002401490700001901514700002401533700002501557700002001582700002801602700002401630700002801654AR-CdUCM190425b ||||| |||| 00| 0 spa d aMUNICIPALIDAD PROVINCIAL DEL CUSCOcBIBLIOTECA MUNICIPAL DEL CUSCO aRev.Andi/N°22/1993 aCentro Bartolomé de Las Casas aRevista andina /cCentro de estudios rurales andinos Bartolomé de Las Casas Cusco aCusco :bCentro Bartolomé de Las Casas,c1993. a271-544 páginas. :c23 cm. aPublicación Semestral del Centro Bartolomé de Las Casas Cusco.nAño 11, Número 22, N°2, Segundo semestre 1993. aContenido: Ciudadanos periféricos y demos dividido. Bruno Revesz. --Los lobos hambrientos y el tributo a Dios conflictos sociales en torno a los diezmos en Charcas colonial. Rossana Barragán, Sinclair Thomson. -- Protección divina y perdición liberal, poéticas del intercambio en el Potosí del siglo XIX. Tristan Platt. -- El bien común como pretexto del presidente José de Araujo para crear una compañía de soldados y prohibir el aguardiente de caña en Quito en 1737. Luis J. Ramos Gómez. -- El comercio de esclavos en Cuzco segunda mitad del s. XVII. Jean-Pierre Tardieu. -- Lenguas del nororiente peruano la hoya de Jaén en el siglo XVI. Alfredo Torero. -- Siku. José Pérez de Arce. -- Monopolio, comercio directo y fraude: la elite mercantil de Lima en la primera mitad del siglo XVII. Margarita Suárez. -- Confusión en las Andes. Javier Flores Espinoza. aDiezmos aLenguas indígenas aEsclavitud aMonopolio comercial aÉpoca colonial aRevesz, Bruno aBarragán, Rossana aPlatt, Tristan aRamos Gómez, Luis aTardieu, Jean Pierre aTorero, Alfredo aPérez de Arce, José aSuárez, Margarita aFlores Espinoza, Javier